000 00341nam a2200109Ia 4500
008 171211s9999 xx 000 0 und d
245 _aDrawing Lessons from the Famous Artists School
245 _cMagdalen Livesey and Stephanie Haboush Plunkett
260 _c2016
650 _xDesign
856 _uhttp://down.ebook777.com/060/1498746454.pdf
999 _c347948
_d347948